00913nam a22002537a 450000500170000001000110001702000220002803500110005003700160006104000120007708200170008910000460010624501070015226000370025927000390029630000260033550000420036165000240040365000180042770000100044594200260045599900190048195201590050020170124110157.0 a690344 c00.00a0912776056 a690344 bCen Lib/Ret aDPLbEN a181.432bBHA aBhaktivedanta, S. Prabhupada, A.C.935308 aThe nectar of devotion :cby A.C.Bhaktivedanta, S. Prabhupadabhe complete science of Bhakti Yoga, / aLos Angeles bIskcon Booksc1970 a3764,Wasteka Avenue bLos Angeles  axxiv,415p. c22cm(Hb) aIncludes glossary reference and index aYoga, Bhakti935309 aBhakti935310 935082 2ddccENh181.432mBHA c132630d132630 04104070aLbLd2015-07-23eCen Lib/Retg0.00l0o181.432 BHAp690344r2015-07-23 00:00:00t1v0.00w2015-07-23yENzW/d List No. 6893/8; dtd 14/10/2020